Random Countries by First Letter and Continent - Statistics

General Stats
  • This quiz has been taken 134 times
  • The average score is 11 of 12
Answer Stats
First Letter Continent Answer % Correct
D Europe Denmark
100%
E South America Ecuador
100%
E Europe Estonia
100%
H Europe Hungary
100%
J North America Jamaica
100%
N North America Nicaragua
100%
O Asia Oman
100%
Q Asia Qatar
100%
S South America Suriname
100%
T North America Trinidad and Tobago
100%
U Africa Uganda
100%
U South America Uruguay
100%
V Oceania Vanuatu
100%
V Europe Vatican City
100%
V South America Venezuela
100%
Y Asia Yemen
100%
K Europe Kosovo
96%
E North America El Salvador
95%
G South America Guyana
95%
U North America United States
95%
A Oceania Australia
94%
K Oceania Kiribati
94%
M Oceania Marshall Islands
92%
A South America Argentina
91%
G Asia Georgia
91%
V Asia Vietnam
91%
K Africa Kenya
88%
A North America Antigua and Barbuda
83%
P North America Panama
82%
M North America Mexico
81%
I Africa Ivory Coast
74%
E Asia East Timor
72%
No matching quizzes found
Score Distribution
Percent of People with Each Score
Percentile by Number Answered
Your Score History
You have not taken this quiz